Fuck Love - XXXTENTACION feat. Trippie Redd (Full lyrics) - Statistics

General Stats
  • This quiz has been taken 31 times
  • The average score is 134 of 153
Answer Stats
Lyrics % Correct
ayy
100%
you
100%
Baby,
94%
don't
94%
go
94%
huh
94%
huh,
94%
I
94%
I'm
94%
in
94%
is
94%
life,
94%
life
94%
my
94%
need
94%
Ooh-
94%
ooh,
94%
Please,
94%
please
94%
Please
94%
sides,
94%
sides
94%
switchin'
94%
this
94%
where
94%
bae,
89%
love
89%
reside,
89%
reside
89%
swear
89%
ye—
89%
away,
83%
throw
83%
to—
83%
yeah-
83%
yeah
83%
Yeah,
83%
yeah,
83%
your
83%
Lost
78%
lost
78%
head
72%
someone
72%
Can't
67%
find
67%
her,
67%
inside
67%
dyin'
56%
it,
56%
Gunfire
44%
nauseous,
39%
riots
33%
I've
17%
No matching quizzes found
Score Distribution
Percent of People with Each Score
Percentile by Number Answered
Your Score History
You have not taken this quiz